Svetová politika I medzinárodné vzťahy v Európe na prelome 20. a 21. storočia

Gespeichert in:
Bibliographische Detailangaben
1. Verfasser: Škvrnda, František
Körperschaft: Ekonomická univerzita v Bratislave. Fakulta medzinárodných vzťahov
Format: Buch
Sprache:Slowakisch
Veröffentlicht: Bratislava Vydavateľstvo EKONÓM 2004
Schlagworte:
Tags: Tag hinzufügen
Keine Tags, Fügen Sie das erste Tag hinzu!

MARC

LEADER 00000nam$a2200000$$$4500
001 0004404
005 20240502071348.3
020 |a 80-225-1793-3 
041 0 |a slo 
044 |a SK 
245 1 0 |a Svetová politika I  |b medzinárodné vzťahy v Európe na prelome 20. a 21. storočia  |c František Škvrnda 
264 1 |a Bratislava  |b Vydavateľstvo EKONÓM  |c 2004 
300 |a 110 s. 
610 2 0 |a politika svetová 
610 2 0 |a spolupráca medzinárodná 
610 2 0 |a vojny 
610 2 0 |a konflikty 
610 2 0 |a história 
610 2 0 |a zmluvy medzinárodné 
610 2 0 |a integrácia ekonomická medzinárodná 
610 2 0 |a politika bezpečnostná 
610 2 0 |a konflikty medzinárodné 
610 2 0 |a svet 
610 2 0 |a Európa 
610 2 0 |a Európska únia 
610 2 0 |a Rusko 
610 2 0 |a Čečensko 
610 2 0 |a Balkán 
610 2 0 |a Juhoslávia 
100 1 |a Škvrnda, František 
710 2 |a Ekonomická univerzita v Bratislave. Fakulta medzinárodných vzťahov